000
00273nam a2200109Ia 4500
008
190902s9999||||xx |||||||||||||| ||und||
100
_a
Margaret McKenna
245
0
_a
Perspectives On Sociaty & Environment
260
_a
UK
_b
Prentice Hall
_c
1996
300
_a
240
942
_c
BK
999
_c
2958
_d
2958